Responses for show #7040 - Friday, April 3, 2015

Kerry Greene game 3.

Contestants

[<< previous game]

Pat Kavanaugh, a marketing content manager from Chicago, Illinois

Tom Imler, a data repair technician from Cary, North Carolina

Kerry Greene, a volunteer guardian ad litem from Manchester, New Hampshire (whose 2-day cash winnings total $42,802)

[next game >>]

Jeopardy! Round responses

NEW ENDINGS FOR CLASSIC LIT
(Alex: You have to identify the work we have decided to extend.)
TV
MY INTERROGATIVE
20th CENTURY AMERICA
IT'S THE LITTLE THINGS
IN LIFE
    $200 1
Last of the Mohicans

Kerry
    $200 6
Project Runway

Tom
    $200 26
[The end-of-round signal sounds.]

how

Pat
    $200 11
Nixon & Kennedy

Tom
    $200 21
DNA

Kerry
    $200 16
retirement

Pat
    $400 2
(Kerry: What is Lord of the Rings?)
(Alex: Be more specific.)
(Kerry: Uh, [*]?)

The Return of the King

Kerry
    $400 7
Who's the Boss?

Pat
    $400 12
Bigfoot

Tom
    $400 22
(Alex: ...with less than a minute to go.)

a sinker

Pat
    $400 17
(Tom: What is the age of consent?)
(Kerry: What is majority?)

puberty

KerryTom
Triple Stumper
    $600 3
Moby-Dick

Kerry
    $600 8
Gwen Stefani

Tom
    $3,200 13
(Tom: What is void?)

prohibited

Tom
    $600 23
pygmies

Pat
    $600 18
(Pat: What is the death of a child?)

divorce

KerryPat
    $800 4
A Tale of Two Cities

Kerry
    $800 9
Shark Tank

Tom
    $800 14
Cabbage Patch Kids

Tom
    $800 24
bonsai

Pat
    $800 19
[After Final Jeopardy!, Alex said that "we messed up rather badly in our phrasing of the clue about confirmation and communion in the Roman Catholic faith. Fortunately, it didn't affect the outcome. Nevertheless, I do want to apologize for that mistake".]

confirmation

Tom
    $1000 5
(Alex: Yeah, and you were smiling whenever I read these clues. Did you enjoy it?)
(Kerry: I appreciate the writers.)
(Alex: Thank you.)
[Applause ]
(Alex: You ran the category. You have $3,000.)

Ulysses

Kerry
    $1000 10
Wo Fat

Tom
    $1000 15
1910

Tom
    $1000 25
(Kerry: What are neutrons?)

neutrinos

KerryTom
    $1000 20
kiss

Tom

Scores at the first commercial break (after clue 13):

Kerry Tom Pat
$3,000 $0 $400

Scores at the end of the Jeopardy! Round:

Kerry Tom Pat
$2,400 $4,200 $2,000

Double Jeopardy! Round responses

SELFIE OF THE ARTIST
BIG BUSINESS
JOHN QUINCY ADAMS
WORLD CAPITAL ATTRACTIONS
1965 NO. 1 SONGS
ENDS WITH "W"
    $400 3
Rembrandt

Kerry
    $400 1
(Kerry: What is Airbus?)

Boeing

KerryTom
    $400 2
the Battle of Bunker Hill

Kerry
    $400 20
Beijing

Kerry
    $400 14
that loving feeling

Pat
    $400 15
undertow

Pat
    $800 4
van Gogh

Tom
    $800 30
a bulldozer

Tom
    $800 8
the Mexican-American War

Tom
    $800 21
New Delhi

Tom
    $800 10
"Satisfaction"

Pat
    $800 16
honeydew

Kerry
    $1200 5
Toulouse-Lautrec

Tom
    $3,200 29
Wells Fargo

Tom
    $1200 9
the Monroe Doctrine

Triple Stumper
    $2,600 22
Prague (Czech Republic)

Tom
    $1200 11
the Four Tops

Tom
    $1200 17
afterglow

Pat
    $1600 6
Goya

Kerry
    $1600 28
Alibaba

Tom
    $1600 25
Andrew Jackson

Tom
    $1600 23
Mexico City

Tom
    $1600 12
"Eight Days A Week"

Pat
    $1600 18
tallow

Pat
    $2000 7
Gainsborough

Tom
    $2000 27
(Tom: What is Hong Kong?)

Macau

KerryTom
    $2000 26
[Laughter at Tom's response, given his interview story about being a Freemason]

the Anti-Masonic Party

Tom
    $2000 24
Oslo

Kerry
    $2000 13
"Turn! Turn! Turn!"

Kerry
    $2000 19
(Tom: What is a saw?)

a handsaw

Tom
Triple Stumper

Scores at the end of the Double Jeopardy! Round:

Kerry Tom Pat
$11,600 $20,800 $8,000

[wagering suggestions for these scores]

Final Jeopardy! Round responses

EUROPEAN HISTORY
(Alex: [To Pat] Yes, the Rus.)
...
(Alex: [To Kerry] Yes, she didn't spell it, uh, in a way that, uh, we're still accepting it, though, because the pronunciation doesn't change.)
...
(Alex: One final note before I say good-bye. In the first round of play today, we messed up rather badly in our phrasing of the clue about confirmation and communion in the Roman Catholic faith. Fortunately, it didn't affect the outcome. Nevertheless, I do want to apologize for that mistake and promise you that we will do better on Monday.)
PatWhat is Belarus?
$5,000
KerryWhat is Byelorus?
$11,598
TomWhat is Hungary?
$9,300
Belarus

Final scores:

Kerry Tom Pat
$23,198 $11,500 $13,000
3-day champion: $66,000 3rd place: $1,000 2nd place: $2,000

Game dynamics:

Coryat scores:

Kerry Tom Pat
$11,600 $20,600 $8,000
15 R,
3 W
25 R
(including 2 DDs),
4 W
(including 1 DD)
12 R,
1 W

Combined Coryat: $40,200

The J! Archive is created by fans, for fans. The Jeopardy! game show and all elements thereof, including but not limited to copyright and trademark thereto, are the property of Jeopardy Productions, Inc. and are protected under law. This website is not affiliated with, sponsored by, or operated by Jeopardy Productions, Inc. Join the discussion at JBoard.tv.